| 000 | 00506nam a22001937a 4500 | ||
|---|---|---|---|
| 005 | 20250428083130.0 | ||
| 008 | 250428b |||||||| |||| 00| 0 eng d | ||
| 020 | _a978-0-451-48824-4 | ||
| 082 | _aFic. Si617 2017 | ||
| 100 | _aSingh, Nalini | ||
| 245 |
_aArchangel's viper / _cNalini Singh |
||
| 260 |
_aNew York: _bA Jove Book, _cc2017 |
||
| 300 | _a361p. | ||
| 541 | _e7822 | ||
| 650 | _aVampires - Fiction | ||
| 650 | _aAngels - Fiction | ||
| 650 | _aParanormal fiction | ||
| 650 | _aRomance fiction | ||
| 999 |
_c2436 _d2436 |
||